5HLuxD.jpg

KING HENRY VIII SENIOR AND PRIMARY SCHOOL LIBRARY OPAC

HUMAN BODY (Record no. 4376)

000 -LEADER
fixed length control field 00253nam a22001097a 4500
008 - FIXED-LENGTH DATA ELEMENTS--GENERAL INFORMATION
fixed length control field 250213b ||||| |||| 00| 0 eng d
020 ## - INTERNATIONAL STANDARD BOOK NUMBER
International Standard Book Number 9780241684887
100 ## - MAIN ENTRY--PERSONAL NAME
Personal name WALKER,RICHARD
Relator term AUTHOR
245 ## - TITLE STATEMENT
Title HUMAN BODY
260 ## - PUBLICATION, DISTRIBUTION, ETC.
Name of publisher, distributor, etc. DK PUBLISHERS
942 ## - ADDED ENTRY ELEMENTS (KOHA)
Source of classification or shelving scheme
Holdings
Withdrawn status Lost status Source of classification or shelving scheme Damaged status Not for loan Collection code Permanent Location Current Location Shelving location Date acquired Total Checkouts Full call number Barcode Date last seen Date last checked out Price effective from Koha item type Public note
          Non-Fiction KH8 Primary School Library KH8 Primary School Library Non Fiction 2025-02-13 2 612.78 WAL KHPL000005095 2025-12-05 2025-06-05 2025-02-13 Books - Non Ficton KH8 PRIMARY LIBRARY

Powered By KH8 IT Dept